| Tag |
First Indicator |
Second Indicator |
Subfields |
| LEADER |
00000cam a22000001 4500 |
| 001 |
in00000027558 |
| 005 |
20151007062640.0 |
| 008 |
720107s1959 nyu b 00000 eng |
| 010 |
|
|
|a 59008290
|
| 035 |
|
|
|a (OCoLC)00332957
|
| 035 |
|
|
|9 AAD5449AM
|
| 040 |
|
|
|a DLC
|c DLC
|d TXA
|d UtOrBLW
|
| 049 |
|
|
|a TXAM
|c [318478]
|
| 050 |
|
0 |
|a PN3321
|b .A4
|
| 082 |
0 |
|
|a 808.3
|
| 092 |
|
|
|a 808.3
|b A441n
|
| 100 |
1 |
|
|a Allott, Miriam Farris.
|
| 245 |
1 |
0 |
|a Novelists on the novel.
|
| 264 |
|
1 |
|a New York :
|b Columbia University Press,
|c 1959.
|
| 300 |
|
|
|a xv, 336 pages ;
|c 22 cm.
|
| 336 |
|
|
|a text
|b txt
|2 rdacontent
|
| 337 |
|
|
|a unmediated
|b n
|2 rdamedia
|
| 338 |
|
|
|a volume
|b nc
|2 rdacarrier
|
| 504 |
|
|
|a Bibliographical footnotes.
|
| 650 |
|
0 |
|a Fiction.
|
| 999 |
|
|
|a MARS
|
| 999 |
f |
f |
|s 86151caf-a01f-39f1-a614-1eeb7b1c36ec
|i a771b8c5-8c03-319a-ab48-234222b4ee83
|t 0
|
| 952 |
f |
f |
|p ric
|a Texas A&M University
|b Rellis Campus
|c Joint Library Facility
|d Remote Storage
|t 0
|e PN3321 .A4
|h Library of Congress classification
|i unmediated -- volume
|m A14801197970
|
| 998 |
f |
f |
|a PN3321 .A4
|t 0
|l Remote Storage
|